000
00277nam a2200121 a 4500
001
4140
005
20140414132038.0
008
090218s19uu xx 00 eng d
050
_a
TR
_b
Sci2 2000
100
_a
Lasky, Kathryn
245
_a
Science fair bunnies.
999
_c
113788
_d
113788